000
00211 a2200097 4500
001
17562
100
_a
Langley M
245
_a
Carbon fibres in Engineering
260
_a
_b
McGraw-Hill
_c
090
_c
12954
_d
12954
942
_a
NUST-CAE
_c
M
_c
3285
999
_c
252635
_d
252635